[Event "Waikato op"]
[Site "Hamilton"]
[Date "2018.07.28"]
[Round "2"]
[White "Marko, Helmut"]
[Black "Lynn, William"]
[Result "1-0"]
[WhiteElo "1911"]
[BlackElo "1809"]
[PlyCount "87"]
[EventDate "2018.07.27"]
[EventType "swiss"]
[EventRounds "6"]
[EventCountry "NZL"]
[SourceTitle "CBM 186 Extra"]
[Source "ChessBase"]
[SourceDate "2018.08.24"]
[SourceVersion "1"]
[SourceVersionDate "2018.08.24"]
[SourceQuality "1"]

1. Nf3 Nf6 2. g3 g6 3. Bg2 Bg7 4. 0-0 0-0 5. c4 d5 6. cxd5 c6 7. dxc6 Nxc6 8. Nc3 e5 9. d3 h6 10. Bd2 Be6 11. a3 a5 12. Na4 Nd7 13. Rc1 Rc8 14. Ne1 Qe7 15. Be3 Rfd8 16. Nb6 Nxb6 17. Bxb6 Rd7 18. Bxa5 f5 19. Bc3 e4 20. Bxg7 Qxg7 21. Rc3 Ne7 22. Rxc8+ Nxc8 23. Qb1 e3 24. fxe3 Qe5 25. Qc1 Rc7 26. Qd2 Nd6 27. Nf3 Qc5 28. Nd4 Bf7 29. b4 Qe5 30. Nf3 Qg7 31. Rc1 Re7 32. Kf2 g5 33. Qc3 Qf8 34. Nd4 Qe8 35. Qd2 Qa4 36. Rc3 Qa7 37. Qc1 f4 38. Rc5 Rxe3 39. Kf1 b6 40. Rc7 Qb8 41. Nf5 Bc4 42. Rxc4 Nxf5 43. Rc8+ Re8 44. Rxb8 1-0

[Event "Asia-ch Seniors 65 8th"]
[Site "Auckland"]
[Date "2017.10.12"]
[Round "5"]
[White "Kerr, Grant"]
[Black "Lynn, William"]
[Result "0-1"]
[WhiteElo "1940"]
[BlackElo "1817"]
[PlyCount "102"]
[EventDate "2017.10.09"]
[EventType "swiss"]
[EventRounds "9"]
[EventCountry "NZL"]
[SourceTitle "CBM 181 Extra"]
[Source "ChessBase"]
[SourceDate "2017.12.12"]
[SourceVersion "1"]
[SourceVersionDate "2017.12.12"]
[SourceQuality "1"]

1. b3 e5 2. Bb2 Nc6 3. e3 d5 4. Bb5 Bd6 5. f4 Qe7 6. Nf3 Bg4 7. Bxc6+ bxc6 8. fxe5 Bxe5 9. Bxe5 Bxf3 10. Qxf3 Qxe5 11. Nc3 Nf6 12. 0-0 0-0 13. Qf5 Qe7 14. Rae1 Rad8 15. e4 d4 16. Na4 Nd7 17. h3 Ne5 18. d3 Rd6 19. Qf2 Rd7 20. Qg3 f6 21. Nb2 Qa3 22. Nc4 Nxc4 23. bxc4 Qxa2 24. e5 Qa3 25. exf6 Qd6 26. Qxd6 cxd6 27. fxg7 Rxf1+ 28. Kxf1 Kxg7 29. Re4 c5 30. Ke2 a5 31. Kd2 a4 32. Kc1 Rb7 33. Re8 Kf6 34. Ra8 Ke5 35. Rxa4 Rg7 36. Ra8 Rxg2 37. Ra7 h6 38. Re7+ Kf6 39. Re4 Kf5 40. Re8 Rg6 41. Re2 Kf4 42. Re4+ Kg3 43. h4 h5 44. Kd2 Rg4 45. Re6 Kxh4 46. Rxd6 Kg3 47. Rd5 h4 48. Rxc5 h3 49. Rh5 h2 50. c3 dxc3+ 51. Kxc3 Rh4 0-1

[Event "NZL-ch Seniors"]
[Site "Mount Maunganui"]
[Date "2017.09.03"]
[Round "6"]
[White "Findlay, Ian T"]
[Black "Lynn, William"]
[Result "1/2-1/2"]
[WhiteElo "1720"]
[BlackElo "1824"]
[PlyCount "61"]
[EventDate "2017.09.01"]
[EventType "swiss"]
[EventRounds "6"]
[EventCountry "NZL"]
[SourceTitle "EXT 2019"]
[Source "ChessBase"]
[SourceDate "2018.10.10"]
[SourceVersion "1"]
[SourceVersionDate "2018.10.10"]
[SourceQuality "1"]

1. e4 c5 2. Nf3 Nc6 3. d4 cxd4 4. Nxd4 Qb6 5. Nb3 Nf6 6. Bd3 e6 7. Be3 Qc7 8. Nc3 Bb4 9. Bd2 a6 10. 0-0 0-0 11. a3 Be7 12. f4 d6 13. Be3 b5 14. Qf3 Bb7 15. Qg3 Rac8 16. Nd4 Nxd4 17. Bxd4 Rfd8 18. e5 Ne8 19. f5 dxe5 20. fxe6 Rxd4 21. exf7+ Kf8 22. fxe8Q+ Kxe8 23. Bxh7 Rd2 24. Bg6+ Kd8 25. Rad1 Qc5+ 26. Kh1 Rxd1 27. Rxd1+ Kc7 28. Be4 Bf6 29. Bxb7 Kxb7 30. Qf3+ Kb8 31. Qe2 1/2-1/2

[Event "Hamilton Waikato op"]
[Site "Hamilton"]
[Date "2016.07.29"]
[Round "1"]
[White "Lynn, William"]
[Black "James, Jack"]
[Result "0-1"]
[WhiteElo "1859"]
[BlackElo "1996"]
[PlyCount "104"]
[EventDate "2016.07.29"]
[EventType "swiss"]
[EventRounds "6"]
[EventCountry "NZL"]
[SourceTitle "EXT 2018"]
[Source "ChessBase"]
[SourceDate "2017.10.13"]
[SourceVersion "1"]
[SourceVersionDate "2017.10.13"]
[SourceQuality "1"]

1. e4 d6 2. d4 Nf6 3. Nc3 Nbd7 4. f4 e5 5. Nf3 exd4 6. Nxd4 c6 7. Be2 Qa5 8. Bf3 Nc5 9. 0-0 Qc7 10. Qe2 Ne6 11. Be3 Be7 12. Rad1 Nxd4 13. Bxd4 0-0 14. Kh1 Nd7 15. e5 dxe5 16. fxe5 Nc5 17. Ne4 Nxe4 18. Bxe4 Be6 19. Bd3 Rfd8 20. Qe4 g6 21. c4 Bf8 22. Bc3 Qe7 23. a3 a5 24. Qf4 b6 25. Qg3 Bg7 26. Qf3 Qc7 27. Rde1 Rab8 28. b4 b5 29. c5 Bd5 30. Be4 Qe7 31. Bxd5 Rxd5 32. bxa5 Rb7 33. e6 fxe6 34. Bxg7 Qxg7 35. Rxe6 Rf5 36. Qe2 Qf7 37. Rxf5 Qxf5 38. g4 Qd5+ 39. Kg1 Qxc5+ 40. Kg2 Qd5+ 41. Qe4 Qxe4+ 42. Rxe4 Ra7 43. a4 Rxa5 44. axb5 Rxb5 45. Rc4 c5 46. Kf3 Kf7 47. Ke4 Ke6 48. g5 Rb4 49. Kd3 Rxc4 50. Kxc4 Kf5 51. Kxc5 Kxg5 52. Kd4 Kh4 0-1

[Event "NZL-ch Seniors"]
[Site "Howick"]
[Date "2014.04.06"]
[Round "5"]
[White "Cornford, Lindsay H"]
[Black "Lynn, William"]
[Result "1-0"]
[WhiteElo "2143"]
[BlackElo "1881"]
[PlyCount "71"]
[EventDate "2014.04.04"]
[EventType "swiss"]
[EventRounds "7"]
[EventCountry "NZL"]
[SourceTitle "EXT 2018"]
[Source "ChessBase"]
[SourceDate "2017.10.13"]
[SourceVersion "1"]
[SourceVersionDate "2017.10.13"]
[SourceQuality "1"]

1. e4 e6 2. d4 d5 3. e5 c5 4. c3 Nc6 5. Nf3 Qb6 6. Bd3 cxd4 7. cxd4 Bd7 8. 0-0 Nh6 9. Nc3 Nf5 10. Bxf5 exf5 11. Nxd5 Qa5 12. Nc3 Bb4 13. d5 Ne7 14. d6 Ng6 15. Nd5 0-0 16. a3 Bxd6 17. exd6 Bc6 18. Ne7+ Nxe7 19. dxe7 Rfe8 20. Bd2 Qb6 21. Bc3 Rxe7 22. Qd4 Qxd4 23. Nxd4 f6 24. Nxf5 Re4 25. Rfe1 Rd8 26. Ne7+ Kf7 27. Nxc6 Rxe1+ 28. Rxe1 bxc6 29. h3 g5 30. Bb4 Rd7 31. Bc5 h5 32. Re4 f5 33. Ra4 Rd1+ 34. Kh2 f4 35. Rxa7+ Kf6 36. Rc7 1-0

[Event "Oceania zt"]
[Site "Rotorua"]
[Date "2011.01.27"]
[Round "4"]
[White "Gloistein, Bruce H"]
[Black "Lynn, William"]
[Result "1-0"]
[WhiteElo "1817"]
[BlackElo "1962"]
[PlyCount "85"]
[EventDate "2011.01.25"]
[EventType "swiss"]
[EventRounds "9"]
[EventCountry "NZL"]
[SourceTitle "CBM 140 Extra"]
[Source "ChessBase"]
[SourceDate "2011.03.01"]
[SourceVersion "1"]
[SourceVersionDate "2011.03.01"]
[SourceQuality "1"]

1. d4 Nf6 2. Nf3 e6 3. e3 b6 4. Be2 d5 5. 0-0 Ba6 6. Bxa6 Nxa6 7. c3 Nb8 8. Ne5 c6 9. Nd2 Bd6 10. f4 Qc7 11. Qe2 Nbd7 12. e4 Rc8 13. Nxd7 Nxd7 14. e5 Be7 15. f5 exf5 16. Rxf5 g6 17. Rf3 Nf8 18. Qf2 Bd8 19. Nb3 Ne6 20. Bh6 Bg5 21. Bxg5 Nxg5 22. Rf4 Ne4 23. Qe3 Qe7 24. Raf1 Nd6 25. Qh3 Nf5 26. Qf3 h5 27. h4 Rc7 28. Qf2 Rh7 29. Nd2 Nh6 30. Nf3 Ng4 31. Qe2 f6 32. Qd3 Rg7 33. exf6 Nxf6 34. Ne5 Ne4 35. Qf3 Rg8 36. Rf7 Qd6 37. Qe3 Rxf7 38. Rxf7 a5 39. Ra7 Qb8 40. Nxc6 Qg3 41. Re7+ Kf8 42. Qh6+ Rg7 43. Qxg7# 1-0

[Event "NZL-ch Seniors"]
[Site "Hamilton"]
[Date "2009.05.09"]
[Round "2"]
[White "Smith, Vivian J"]
[Black "Lynn, William"]
[Result "1-0"]
[WhiteElo "1595"]
[BlackElo "1770"]
[PlyCount "91"]
[EventDate "2009.05.08"]
[EventType "swiss"]
[EventRounds "5"]
[EventCountry "NZL"]
[SourceTitle "EXT 2018"]
[Source "ChessBase"]
[SourceDate "2017.10.13"]
[SourceVersion "1"]
[SourceVersionDate "2017.10.13"]
[SourceQuality "1"]

1. e4 c6 2. d4 d5 3. exd5 cxd5 4. Bd3 Nf6 5. c3 Nc6 6. Bf4 Qb6 7. Qc2 Bg4 8. Nd2 Rc8 9. Qb3 Qxb3 10. axb3 e6 11. b4 Bxb4 12. f3 Bf5 13. Bxf5 exf5 14. cxb4 Nxb4 15. Ke2 0-0 16. Nh3 Rfe8+ 17. Kd1 Nd3 18. Rb1 Nd7 19. Bg3 Nb6 20. Nf2 Nb4 21. Rc1 Rxc1+ 22. Kxc1 Rc8+ 23. Kb1 f6 24. Bd6 Nc6 25. Bc5 Nd7 26. Nb3 Kf7 27. Re1 b6 28. Bd6 Nf8 29. Bxf8 Kxf8 30. Nd3 Kf7 31. Rc1 Ke6 32. Nb4 Kd6 33. Nxc6 Rxc6 34. Rxc6+ Kxc6 35. Kc2 a5 36. Nc1 Kb5 37. b3 a4 38. bxa4+ Kxa4 39. Kc3 g5 40. Nd3 h5 41. Nb4 f4 42. h3 g4 43. Nxd5 gxf3 44. gxf3 b5 45. Nxf4 Ka3 46. Nd3 1-0

[Event "NZL-ch Seniors"]
[Site "Hamilton"]
[Date "2009.05.08"]
[Round "1"]
[White "Lynn, William"]
[Black "Otene, Edith"]
[Result "1-0"]
[WhiteElo "1770"]
[BlackElo "1399"]
[PlyCount "87"]
[EventDate "2009.05.08"]
[EventType "swiss"]
[EventRounds "5"]
[EventCountry "NZL"]
[SourceTitle "EXT 2018"]
[Source "ChessBase"]
[SourceDate "2017.10.13"]
[SourceVersion "1"]
[SourceVersionDate "2017.10.13"]
[SourceQuality "1"]

1. d4 d6 2. e4 Nc6 3. f4 e5 4. dxe5 dxe5 5. Qxd8+ Nxd8 6. fxe5 Nc6 7. Nf3 b6 8. Bb5 Bb7 9. e6 fxe6 10. Ne5 Nge7 11. Bg5 0-0-0 12. Nxc6 Bxc6 13. Bxc6 Nxc6 14. Bxd8 Nxd8 15. 0-0 Nc6 16. Nc3 Nd4 17. Rf7 Bc5 18. Kh1 a6 19. e5 Nxc2 20. Rd1 Bd4 21. Rd2 Bxc3 22. bxc3 Ne3 23. Rdd7 Rd8 24. Rxc7+ Kb8 25. Rb7+ Ka8 26. Rbd7 Rg8 27. Rxg7 Rf8 28. Rgf7 Rg8 29. Rxh7 Rf8 30. Ra7+ Kb8 31. Rhb7+ Kc8 32. Ra8+ Kxb7 33. Rxf8 Kc6 34. h4 Ng4 35. h5 Kd5 36. Rf4 Nxe5 37. h6 Ng6 38. h7 Kd6 39. Rf8 Ke7 40. h8Q Nxh8 41. Rxh8 Kd6 42. Rh5 e5 43. g4 e4 44. Kg2 1-0

[Event "Nelson op"]
[Site "Nelson"]
[Date "2007.10.07"]
[Round "9"]
[White "Smith, Vivian J"]
[Black "Lynn, William"]
[Result "0-1"]
[WhiteElo "1825"]
[BlackElo "1975"]
[PlyCount "68"]
[EventDate "2007.10.03"]
[EventType "swiss"]
[EventRounds "9"]
[EventCountry "NZL"]
[SourceTitle "CBM 120 Extra"]
[Source "ChessBase"]
[SourceDate "2007.11.01"]
[SourceVersion "1"]
[SourceVersionDate "2007.11.01"]
[SourceQuality "1"]

1. e4 e6 2. d4 d5 3. Nc3 Bb4 4. e5 Bxc3+ 5. bxc3 c5 6. Nf3 Nc6 7. a4 a6 8. Ba3 Qa5 9. Qd2 cxd4 10. cxd4 Qxd2+ 11. Kxd2 f6 12. Bc5 Nh6 13. h3 Nf7 14. exf6 gxf6 15. c4 Na5 16. Kc3 Nxc4 17. Bxc4 dxc4 18. Kxc4 Bd7 19. a5 Rc8 20. Kb4 Rg8 21. Nh4 Bc6 22. Rhe1 Bd5 23. f3 Kd7 24. Re2 Nd8 25. Ka3 Nc6 26. Bb6 Rg5 27. g4 Bc4 28. Rc2 Nxa5 29. Rac1 Nb3 30. Rxc4 Nxc1 31. Rxc8 Kxc8 32. f4 Rb5 33. Bc5 Rb3+ 34. Ka4 Rxh3 0-1

[Event "Nelson op"]
[Site "Nelson"]
[Date "2007.10.05"]
[Round "5"]
[White "Lynn, William"]
[Black "Spiller, Paul"]
[Result "1-0"]
[WhiteElo "1975"]
[BlackElo "2028"]
[PlyCount "109"]
[EventDate "2007.10.03"]
[EventType "swiss"]
[EventRounds "9"]
[EventCountry "NZL"]
[SourceTitle "CBM 120 Extra"]
[Source "ChessBase"]
[SourceDate "2007.11.01"]
[SourceVersion "1"]
[SourceVersionDate "2007.11.01"]
[SourceQuality "1"]

1. e4 c5 2. d4 cxd4 3. c3 dxc3 4. Nxc3 Nc6 5. Nf3 d6 6. Bc4 e6 7. 0-0 Be7 8. Qe2 Nf6 9. Rd1 Qc7 10. Bf4 a6 11. Rac1 0-0 12. e5 Ne8 13. exd6 Bxd6 14. Bxd6 Nxd6 15. Bd3 Qe7 16. Bxh7+ Kxh7 17. Rxd6 Qxd6 18. Ng5+ Kg6 19. Nce4 Qf4 20. Rc5 f5 21. g3 Qg4 22. f3 Nd4 23. Qe3 Nxf3+ 24. Nxf3 Qxe4 25. Qg5+ Kh7 26. Qh5+ Kg8 27. Ng5 Qe3+ 28. Kg2 Qd2+ 29. Kh3 Qxg5 30. Qxg5 Bd7 31. Rc7 Rad8 32. Rxb7 e5 33. Qc1 f4+ 34. Kg2 f3+ 35. Kf2 e4 36. Qc4+ Kh8 37. Qxe4 Bb5 38. Qh4+ Kg8 39. Qb4 Rc8 40. Qb3+ Kh8 41. Rf7 Rfd8 42. Qe6 Rc2+ 43. Kxf3 Rd3+ 44. Kg4 Rd4+ 45. Kh3 Rc6 46. Rf8+ Kh7 47. Qf5+ Rg6 48. Kg2 Rd2+ 49. Kf3 Rxb2 50. h4 Bc6+ 51. Ke3 Rb5 52. Rh8+ Kxh8 53. Qxg6 Re5+ 54. Kf4 Re2 55. Qxc6 1-0

[Event "Nelson op"]
[Site "Nelson"]
[Date "2007.10.04"]
[Round "4"]
[White "Milligan, Helen"]
[Black "Lynn, William"]
[Result "1-0"]
[WhiteElo "2009"]
[BlackElo "1975"]
[PlyCount "143"]
[EventDate "2007.10.03"]
[EventType "swiss"]
[EventRounds "9"]
[EventCountry "NZL"]
[SourceTitle "CBM 120 Extra"]
[Source "ChessBase"]
[SourceDate "2007.11.01"]
[SourceVersion "1"]
[SourceVersionDate "2007.11.01"]
[SourceQuality "1"]

1. e4 c5 2. Nf3 d6 3. Bb5+ Bd7 4. Bxd7+ Qxd7 5. c4 Nc6 6. d4 cxd4 7. Nxd4 e6 8. Nc3 Rc8 9. Nde2 Nf6 10. f3 g6 11. Bg5 Bg7 12. Rc1 0-0 13. 0-0 h6 14. Bh4 g5 15. Bg3 Rfd8 16. f4 gxf4 17. Nxf4 Ne5 18. b3 Qc6 19. Qe2 Rd7 20. h3 Qc5+ 21. Kh1 Qa5 22. Bh4 Ne8 23. Nh5 Ng6 24. Nxg7 Kxg7 25. Be1 Qe5 26. Nb5 Qg5 27. Bd2 Qd8 28. Qh5 Qh4 29. Bxh6+ Kh7 30. Qxh4 Nxh4 31. Bg5 Ng6 32. Rcd1 a6 33. Nd4 Rc5 34. Nf3 f6 35. Be3 Rh5 36. Kh2 Kg8 37. a4 Rdh7 38. Kg1 Ne5 39. Nxe5 Rxe5 40. Bf4 Rxe4 41. Bxd6 f5 42. Bh2 Re2 43. Rf2 Re3 44. Rd8 Kf7 45. Rd7+ Kg6 46. Rxh7 Re1+ 47. Rf1 Rxf1+ 48. Kxf1 Kxh7 49. Be5 Kg6 50. b4 Kg5 51. Kf2 f4 52. Kf3 Kf5 53. Bxf4 Nf6 54. g4+ Kg6 55. h4 Nd7 56. h5+ Kh7 57. Bc7 Nf6 58. Bd8 Ne8 59. Kf4 Nd6 60. c5 Nc4 61. g5 Nb2 62. Ke5 Nd3+ 63. Kf6 Nxb4 64. g6+ Kg8 65. h6 Nc6 66. Bc7 a5 67. Be5 b6 68. cxb6 Ne7 69. h7+ Kf8 70. h8Q+ Ng8+ 71. Kxe6 Ke8 72. Qxg8# 1-0

[Event "NZL-ch Major op"]
[Site "Wanganui"]
[Date "2003.01.02"]
[Round "1"]
[White "Lynn, William"]
[Black "Kay, Bruce"]
[Result "1/2-1/2"]
[WhiteElo "1780"]
[BlackElo "1500"]
[PlyCount "79"]
[EventDate "2003.01.??"]
[EventType "swiss"]
[EventRounds "11"]
[EventCountry "NZL"]
[SourceTitle "EXT 2005"]
[Source "ChessBase"]
[SourceDate "2004.11.15"]
[SourceVersion "1"]
[SourceVersionDate "2004.11.15"]
[SourceQuality "1"]

1. d4 Nf6 2. Nc3 d5 3. e4 dxe4 4. f3 exf3 5. Nxf3 Bg4 6. h3 Bf5 7. Bc4 e6 8. 0-0 Be7 9. Ne5 0-0 10. Be3 Nbd7 11. g4 Bg6 12. Nxg6 hxg6 13. d5 exd5 14. Nxd5 Bd6 15. Bg5 Bc5+ 16. Kg2 c6 17. Nf4 Ne5 18. Qe2 Nxc4 19. Qxc4 Qd4 20. Qxd4 Bxd4 21. c3 Bb6 22. Rae1 Rfe8 23. Nd3 Ne4 24. Bc1 Rad8 25. Rf3 f6 26. Nf4 Kf7 27. c4 Ba5 28. Re2 Bc7 29. Rb3 b6 30. Be3 f5 31. Rc2 Rd1 32. Ne2 Be5 33. Rc1 Red8 34. a4 R8d3 35. Rxd1 Rxd1 36. a5 Rb1 37. axb6 axb6 38. Rxb6 Rxb2 39. Rxb2 Bxb2 40. Kf3 1/2-1/2